00991 a2200205 4500003000500000005001700005040000900022082001600031100004000047245011100087260003300198300001100231505028100242650002300523651002000546700005900566942001200625999001900637952012900656NUST20251117133042.0 cNust a621.382,JAB aJabeen, NC Samra (TCC-15A)9131914 aAdaptive beamforming for OFDM systems /cNC Samra Jabeen, NC Shaheer Naeem, NC Ali Inam and NC Sana Ajmal. aRawalpindibMCS (NUST)c2007 a72 p.; rIntroduction to OFDM (Page-1), Fundamental of Adaptive Antenna Arrays (Page-11), Adaptive Antenna Systems (Page-18), Adaptive Algorithms (Page-31), Adaptive Beamforming for OFDM System (Page-45), DSK TMS 320C6713 Implementation (Page-64), Conclusion and Future Work (Page-68). aUG Projects998716 aTCC-15A9131903 aSupervised by Lt Col (R) Javed Hussain Bangash9131915 2ddccPR c183689d183689 00102ddc4070aMCSbMCScREFd2016-12-12o621.382, JABpMCSPTC-78r2016-12-08w2016-12-12yPRzAlmirah No. 94, Shelf No. 2